000 00715nac a22002177a 4500
001 BR9600921
003 BR-BrBNA
005 20240105121818.0
008 230509b bl.|||m| |||| 00| 0 por d
040 _aBR-BrBNA
_bpor
_cBiblioteca Nacional de Agricultura
072 _aE70
090 _aE70 BR9600921
110 1 _aMinisterio da Agricultura e do Abastecimento, Brasilia, DF (Brasil). Secretaria de Desenvolvimento Rural
_96734
245 1 _aCalendario ofical de exposicao e feiras agropecuarias - Brasil 1994
260 3 _aBrasilia, DF (Brasil):
_c1993.
300 _a84 p.
650 _aFeira
650 _aExposicao Pecuaria
909 _a202312
_bLúcia Elande
_c55
_dLúcia Elande
942 _2AGRIS
_n0
_cMS
999 _c287613
_d287613